Irrgation water management: Training manual 9: Drainage of irrigated lands
Gardado en:
| Autor Principal: | |
|---|---|
| Formato: | Libro |
| Idioma: | Undetermined |
| Publicado: |
Rome
FAO
1996
|
| Những chủ đề: | |
| Các nhãn: |
Engadir etiqueta
Sen Etiquetas, Sexa o primeiro en etiquetar este rexistro!
|
| Thư viện lưu trữ: | Trung tâm Học liệu Trường Đại học Cần Thơ |
|---|
| LEADER | 00561nam a2200181Ia 4500 | ||
|---|---|---|---|
| 001 | CTU_16947 | ||
| 008 | 210402s9999 xx 000 0 und d | ||
| 082 | |a 631 | ||
| 082 | |b I65w/N9 | ||
| 100 | |a H P Ritzema | ||
| 245 | 0 | |a Irrgation water management: Training manual 9: Drainage of irrigated lands | |
| 245 | 0 | |c H P Ritzema, FAO, Fernando Chanduvi, R A L.Kselik | |
| 260 | |a Rome | ||
| 260 | |b FAO | ||
| 260 | |c 1996 | ||
| 650 | |a irrigation farming | ||
| 904 | |i Nguyễn Quang Điền, 970611 | ||
| 980 | |a Trung tâm Học liệu Trường Đại học Cần Thơ | ||